Statistics for NBA Nicknames

Click here to take the quiz!

General Stats

  • This quiz has been taken 24 times
  • The average score is 30 of 46

Answer Stats

Nickname Player % Correct
The GloveGary Payton
100%
JesusRay Allen
94%
Black MambaKobe Bryant
94%
The LogoJerry West
94%
The TruthPaul Pierce
94%
The MailmanKarl Malone
94%
The Big TicketKevin Garnett
94%
The AnswerAllen Iverson
94%
White ChocolateJason Williams
88%
Agent ZeroGilbert Arenas
88%
The AdmiralDavid Robinson
88%
BoogieDeMarcus Cousins
88%
The BeardJames Harden
88%
ZekeIsiah Thomas
82%
The WormDennis Rodman
82%
The DreamHakeem Olajuwon
82%
The GlideClyde Drexler
82%
Big Shot RobRobert Horry
82%
TinyNate Archibald
82%
AK47Andrei Kirilenko
82%
The MatrixShawn Marion
82%
The StiltWilt Chamberlain
76%
The PearlEarl Monroe
76%
The Human Highlight FilmDominique Wilkins
76%
Chocolate ThunderDarryl Dawkins
71%
Mr. Big ShotChauncey Billups
71%
The White MambaBrian Scalabrine
71%
Swaggy PNick Young
71%
The Polish HammerMarcin Gortat
65%
The Stifle TowerRudy Gobert
65%
The MicrowaveVinnie Johnson
59%
The ReignmanShawn Kemp
59%
GrandmamaLarry Johnson
59%
The JetKenny Smith
59%
JETJason Terry
53%
Il GalloDanilo Gallinari
53%
Skip To My LouRafer Alston
47%
Plastic ManStacey Augmon
24%
The Human Victory CigarDarko Milicic
24%
Vanilla GorillaJoel Przybilla
18%
Bad PornCorey Maggette
18%
The Black HoleKevin McHale
12%
The Pink PantherToni Kukoc
12%
El ChachoSergio Rodriguez
6%
The RockMitch Richmond
6%
La PistolaRicky Rubio
6%

Score Distribution

Percentile by Number Answered

Percent of People with Each Score

Your Score History

You have not taken this quiz